| 000 | 01445cam a22003131 4500 | ||
|---|---|---|---|
| 001 | hew62000157 | ||
| 003 | DLC | ||
| 005 | 20260227111512.0 | ||
| 008 | 720706s1962 xx 000 0 eng | ||
| 010 | _ahew62000157 | ||
| 035 | _a(OCoLC)349546 | ||
| 040 |
_aDLC _cODaU _dOCoLC _dDLC |
||
| 042 | _apremarc | ||
| 050 | 0 | 0 |
_aL111 _b.A72 no. 665 |
| 086 | 0 | _aOE-51002 | |
| 100 | 1 | _aBokelman, W. Robert. | |
| 245 | 1 | 0 |
_aProgress in the construction of higher education facilities: _bdetailed analysis, 1958-59, trends analysis, 1951-59, _cby W. Robert Bokelman and Leslie F. Robbins. |
| 260 |
_a[Washington] _bU.S. Dept. of Health, Education, and Welfare, Office of Education; [for sale by the Superintendent of Documents, U.S. Govt. Print Off., _c1962] |
||
| 300 |
_avi, 57 p. _bdiagrs., tables. _c26 cm. |
||
| 490 | 1 |
_aUnited States. Office of Education. Circular _vno. 665 |
|
| 500 | _a"OE-51002." | ||
| 500 | _aBound with Circular no. 662-no. 673. Washington : United States, Department of the Interior, Office of Education : For sale by the Supt. of Docs., U.S.G.P.O., 1961-62 subsequent to publication. | ||
| 504 | _aBibliographical footnotes. | ||
| 650 | 0 | _aCollege buildings. | |
| 650 | 0 |
_aUniversities and colleges _zUnited States _xFinance |
|
| 710 | 1 |
_aRobbins, Leslie Frank, _d1898- _ejoint author |
|
| 740 | 0 | _aConstruction of higher education facilities | |
| 830 | 0 |
_aCircular (United States. Office of Education) ; _vno. 665. |
|
| 999 |
_c34389 _d34389 |
||